Statistiques concernant Anagrammes légumes

Cliquez ici pour prendre le quiz!

Statistiques générales

  • Ce quiz a été pris 298 fois
  • Le résultat moyen est 9 sur 12

Statistiques - réponses

Anagramme Légume % Correct
CorettaCarotte
96%
OripeauPoireau
95%
EpatâtPatate
94%
PortionPotiron
93%
AmisMais
91%
AventNavet
86%
IsardRadis
85%
ChariotHaricot
73%
LiteauLaitue
62%
PrésageAsperge
58%
DevinéEndive
57%
PeindraEpinard
49%

Distribution des résultats

Percentile by Number Answered

% des personnes avec chaque résultat

Votre développement - résultats

Vous n’avez pas pris ce quiz